| 000 | 01257nam a2200241Ia 4500 | ||
|---|---|---|---|
| 003 | Ost | ||
| 005 | 20260507075457.0 | ||
| 008 | 260507s9999||||xx |||||||||||||| ||und|| | ||
| 020 | _a9957120301 | ||
| 040 | _cfsecg | ||
| 041 | _aara | ||
| 082 | _a330 | ||
| 100 |
_aالبكري، ثامر _eمؤلف |
||
| 245 | 0 |
_aالتسويق الاخضر / _c ثامر البكري |
|
| 260 |
_aعمان: _bدار اليازوري, _c2007 |
||
| 300 |
_a264 صفحة؛ _bإيضاحات ؛ _c24 سم |
||
| 520 | _aمدخل في التسويق والتسويق الأخضر -البيئة الطبيعية والتسويق الأخضر -المزيج التسويقي الأخضر -المستهلك الأخضر -تجزئة سوق المستهلك الأخضر -الشراء الأخضر لمنظمات الأعمال -المنتج الأخضر -التسعير على وفق مدخل التسويق الأخضر -ترويج المنتجات الخضراء -توزيع المنتجات الخضراء -حالات دراسية في التسويق الأخضر | ||
| 653 | _aالباعة وفن البيع | ||
| 653 | _aالتسويق | ||
| 653 | _aالتسويق--فلسفة | ||
| 700 |
_aالنوري، احمد نزار _eمؤلف ثانوي |
||
| 942 | _cكتاب | ||
| 999 |
_c44674 _d44674 |
||